Estatísticas para Bandeiras de Línguas

Clique aqui para jogar o quiz

Estatísticas Gerais

  • Esse quiz foi jogado 186 vezes
  • A pontuação média é 21 de 27

Estatísticas das Respostas

Resposta% Correto
Alemão
100%
Espanhol
100%
Francês
100%
Inglês
100%
Português
100%
Italiano
99%
Russo
99%
Grego
94%
Japonês
94%
Holândes
93%
Turco
93%
Ucraniano
93%
Árabe
91%
Coreano
91%
Polonês
91%
Mandarim
86%
Tailandês
82%
Latim
68%
Filipino
61%
Hindi
61%
Luxemburguês
59%
Indonésio
57%
Malaio
55%
Persa
55%
Sérvio
41%
Amárico
24%
Esperanto
16%

Distribuição das Pontuações

Percentil de Números Respondidos

Porcentagem de Pessoas com Cada Pontuação

Sua Pontuação Histórica

Você não jogou esse quiz